| 000 | 00658nam a2200169 4500 | ||
|---|---|---|---|
| 001 | 6054 | ||
| 005 | 20181127180801.0 | ||
| 090 | 0 | 0 | _aPOL.SCI CAP No.52 |
| 245 | 0 | 0 |
_aLegalization of homosexual marriage in Bhutan / _b _cStudent Work. _h |
| 260 | 0 | 0 |
_a[Thimphu] : _b[Royal Thimphu College], _c2016. |
| 300 |
_a19 leaves. _b _c _e |
||
| 500 | _aStudent research project for BA, Political Science(Capstone Project):(2016): Jelle Joseph Pieter Wouters, lecturer. | ||
| 500 | 0 | 0 | _aSpiral-bound xerographic copy. |
| 650 |
_aCapstone Project. _v _x _y _z _2 |
||
| 650 |
_aSame-sex marriage _v _x _y _zBhutan. _2 |
||
| 650 |
_aSame-sex marriage _v _xLaw and legislation. _y _zBhutan. _2 |
||
| 999 |
_c5110 _d5110 |
||